[Event "Lancaran op-A"]
[Site "Lancaran"]
[Date "2025.07.11"]
[Round "7"]
[White "Davudov, Tunar"]
[Black "Ibrahimli, Murad Sultanali"]
[Result "1/2-1/2"]
[WhiteElo "2250"]
[BlackElo "2438"]
[PlyCount "119"]
[EventDate "2025.07.07"]
[EventType "swiss"]
[EventRounds "9"]
[EventCountry "AZE"]
[SourceTitle "CB29_2025"]
[SourceDate "2025.07.16"]
[SourceVersion "1"]
[SourceVersionDate "2025.07.16"]
[SourceQuality "1"]

1. e4 e5 2. Nf3 Nc6 3. Bb5 a6 4. Ba4 Nf6 5. 0-0 Be7 6. Re1 b5 7. Bb3 0-0 8. c3 d6 9. h3 Nb8 10. d4 Nbd7 11. Nbd2 Bb7 12. Bc2 Re8 13. Nf1 Bf8 14. Ng3 g6 15. a4 Bg7 16. Bd3 c6 17. b3 Qc7 18. Bb2 Rad8 19. Qc2 h6 20. c4 bxa4 21. Rxa4 exd4 22. Bxd4 Nh7 23. Bxg7 Kxg7 24. Qc3+ Kg8 25. b4 c5 26. b5 Nb6 27. Raa1 axb5 28. cxb5 h5 29. Nf1 d5 30. exd5 Rxe1 31. Rxe1 Nxd5 32. Qb3 Nhf6 33. N1d2 Kg7 34. Nc4 Nb4 35. Bf1 Bd5 36. Qc3 Bxf3 37. Qxf3 Nfd5 38. Rd1 Qb8 39. Ne3 Nb6 40. Rc1 Rc8 41. Qe4 Qc7 42. h4 Kf8 43. g3 Qe7 44. Qf3 Kg7 45. Nc4 N4d5 46. Na5 Qf6 47. Qb3 Ne7 48. Bh3 Ra8 49. Nc4 Ra1 50. Rxa1 Qxa1+ 51. Kh2 Ned5 52. Bg2 Nf6 53. Bf3 Nfd7 54. Nxb6 Nxb6 55. Qe3 Qb2 56. Qxc5 Nd7 57. Qe3 Qxb5 58. Qd4+ Nf6 59. Kg2 Qf5 60. Qc3 1/2-1/2

[Event "Lancaran op-A"]
[Site "Lancaran"]
[Date "2025.07.10"]
[Round "5"]
[White "Rustamov, Rustam"]
[Black "Davudov, Tunar"]
[Result "1/2-1/2"]
[WhiteElo "2323"]
[BlackElo "2250"]
[PlyCount "158"]
[EventDate "2025.07.07"]
[EventType "swiss"]
[EventRounds "9"]
[EventCountry "AZE"]
[SourceTitle "CB29_2025"]
[SourceDate "2025.07.16"]
[SourceVersion "1"]
[SourceVersionDate "2025.07.16"]
[SourceQuality "1"]

1. e4 e5 2. Nf3 Nc6 3. Bb5 a6 4. Ba4 Nf6 5. 0-0 b5 6. Bb3 Bb7 7. Re1 Bc5 8. c3 d6 9. d4 Bb6 10. Be3 h6 11. a4 Ng4 12. Na3 Nxe3 13. fxe3 Na7 14. Nc2 c5 15. dxc5 dxc5 16. axb5 axb5 17. Bd5 Bxd5 18. Qxd5 Qxd5 19. exd5 0-0-0 20. c4 f6 21. e4 Kb7 22. b3 Nc8 23. Na3 Nd6 24. Nxb5 Nxb5 25. cxb5 c4+ 26. Kf1 cxb3 27. Rab1 Rc8 28. Rxb3 Rc2 29. Re2 Rc1+ 30. Re1 Rc2 31. Re2 Rhc8 32. Rb2 Rc1+ 33. Re1 R1c2 34. Re2 Rc1+ 35. Re1 R1c2 36. Reb1 R2c4 37. Re2 Ra4 38. Nh4 Rcc4 39. Nf5 Bc5 40. Nxg7 Rxe4 41. Rxe4 Rxe4 42. Ne6 Rc4 43. b6 Be7 44. Rb2 e4 45. g3 Rc3 46. Kg2 Rd3 47. Rc2 Kxb6 48. Rc7 Rd2+ 49. Kh3 Ba3 50. Rc6+ Kb7 51. Nf4 Rxd5 52. Rxf6 Rd6 53. Rf7+ Kc6 54. Re7 Rd4 55. Re6+ Bd6 56. Rxh6 Kd7 57. Ng2 Rd2 58. Rh4 Re2 59. Nf4 Rd2 60. Kg4 e3 61. Kf3 Bxf4 62. Rxf4 Rxh2 63. Kxe3 Ke6 64. Kf3 Rh8 65. Kg4 Rg8+ 66. Kh3 Rh8+ 67. Kg2 Ra8 68. Rf3 Rh8 69. g4 Rh7 70. Kg3 Rf7 71. Ra3 Kf6 72. Ra8 Kg7 73. Kh4 Rb7 74. Kh5 Rb5+ 75. g5 Rb6 76. Ra7+ Kg8 77. Re7 Ra6 78. Kg4 Ra4+ 79. Kh5 Ra6 1/2-1/2

[Event "Lancaran op-A"]
[Site "Lancaran"]
[Date "2025.07.08"]
[Round "2"]
[White "Abbasov, Amil Habil Oglu"]
[Black "Davudov, Tunar"]
[Result "0-1"]
[WhiteElo "2076"]
[BlackElo "2250"]
[PlyCount "130"]
[EventDate "2025.07.07"]
[EventType "swiss"]
[EventRounds "9"]
[EventCountry "AZE"]
[SourceTitle "CB29_2025"]
[SourceDate "2025.07.16"]
[SourceVersion "1"]
[SourceVersionDate "2025.07.16"]
[SourceQuality "1"]

1. Nf3 Nf6 2. c4 e6 3. g3 d5 4. Bg2 Be7 5. 0-0 0-0 6. d3 d4 7. e3 c5 8. exd4 cxd4 9. Ne5 Nfd7 10. Nxd7 Nxd7 11. Re1 a5 12. Nd2 Ra7 13. b3 b6 14. Nf3 Bb7 15. Bb2 Nc5 16. Ne5 Bxg2 17. Kxg2 Bf6 18. Ba3 Bxe5 19. Rxe5 Qd6 20. f4 a4 21. b4 Nd7 22. Re1 Nf6 23. Qf3 Rc8 24. Rac1 Rac7 25. c5 bxc5 26. bxc5 Qd7 27. Rc4 h6 28. Rec1 Rc6 29. Bb2 a3 30. Bxd4 Nd5 31. Rb1 Ra6 32. Rb3 Kh7 33. Qg4 f5 34. Qf3 Rc7 35. Be5 Rca7 36. Rc1 Qc6 37. Kg1 Rb7 38. d4 Raa7 39. Rcb1 Rxb3 40. Rxb3 Qa4 41. g4 Qc4 42. gxf5 exf5 43. Qd3 Qc1+ 44. Kf2 Rf7 45. Qf3 Qc2+ 46. Qe2 Qc1 47. Qf3 Qc2+ 48. Kg3 Nf6 49. Bxf6 Rxf6 50. Rxa3 Rg6+ 51. Kh3 Qc4 52. Rc3 Qf7 53. c6 Rg4 54. Qxg4 fxg4+ 55. Kxg4 Qe6+ 56. Kh4 Qe1+ 57. Rg3 Qe7+ 58. Kg4 Qe6+ 59. Kf3 Qxc6+ 60. Ke3 Qc3+ 61. Ke4 Qc2+ 62. Rd3 Qe2+ 63. Re3 Qxa2 64. d5 Kg6 65. Rd3 Qe2+ 0-1

[Event "Sharjah Masters-B 8th"]
[Site "Sharjah"]
[Date "2025.05.23"]
[Round "7"]
[White "Ayush, Sharma"]
[Black "Davudov, Tunar"]
[Result "0-1"]
[WhiteElo "2478"]
[BlackElo "2279"]
[PlyCount "68"]
[EventDate "2025.05.17"]
[EventType "swiss"]
[EventRounds "9"]
[EventCountry "UAE"]
[SourceTitle "CB22_2025"]
[SourceDate "2025.05.28"]
[SourceVersion "1"]
[SourceVersionDate "2025.05.28"]
[SourceQuality "1"]

1. e4 c5 2. Nf3 e6 3. d4 cxd4 4. Nxd4 Nc6 5. Bf4 d6 6. Nxc6 bxc6 7. c4 e5 8. Be3 Nf6 9. Nc3 Ng4 10. Bc1 Qb6 11. Qc2 d5 12. exd5 Bc5 13. Ne4 Bf5 14. Bd3 Bxe4 15. Bxe4 Nxf2 16. Rf1 Nxe4 17. Qxe4 0-0 18. Rf3 cxd5 19. cxd5 f5 20. Qc4 Rac8 21. Qb3 Bb4+ 22. Kf1 e4 23. Rf2 Bc5 24. Rc2 Qd6 25. Bg5 Qxh2 26. d6+ Kh8 27. Rxc5 Rxc5 28. d7 Qh1+ 29. Kf2 Qxa1 30. Qb4 Rcc8 31. Bh6 Rcd8 32. Bxg7+ Kxg7 33. Qe7+ Kg6 34. Qe6+ Kh5 0-1

[Event "Baku op-A"]
[Site "Baku"]
[Date "2025.04.29"]
[Round "2"]
[White "Davudov, Tunar"]
[Black "Mohamed, Anees M"]
[Result "0-1"]
[WhiteElo "2279"]
[BlackElo "2414"]
[PlyCount "76"]
[EventDate "2025.04.28"]
[EventType "swiss"]
[EventRounds "9"]
[EventCountry "AZE"]
[SourceTitle "CB19_2025"]
[SourceDate "2025.05.07"]
[SourceVersion "1"]
[SourceVersionDate "2025.05.07"]
[SourceQuality "1"]

1. e4 Nf6 2. e5 Nd5 3. d4 d6 4. Nf3 g6 5. Bc4 c6 6. 0-0 Bg7 7. h3 0-0 8. Qe2 a5 9. a4 Na6 10. c3 Nac7 11. Na3 h6 12. Re1 Be6 13. Bd2 Qd7 14. Qe4 Bf5 15. Qh4 g5 16. Qg3 Rfd8 17. Bf1 Bg6 18. c4 Nb4 19. Rad1 Re8 20. h4 g4 21. e6 Nxe6 22. Qxg4 Nc5 23. Qg3 Nxa4 24. Bc1 h5 25. Ng5 Qf5 26. Qb3 Nb6 27. Re3 e5 28. Rf3 Qc8 29. dxe5 Bxe5 30. Bd2 Nd7 31. Bxb4 axb4 32. Qxb4 Nc5 33. g3 f6 34. Nh3 Qg4 35. Kg2 Be4 36. Be2 Ne6 37. Ng1 Nf4+ 38. Kf1 Nxe2 0-1

[Event "Titled Tuesday intern op 01st Apr Late"]
[Site "Chess.com INT"]
[Date "2025.04.01"]
[Round "7"]
[White "Bok, Benjamin"]
[Black "Davudov, Tunar"]
[Result "1-0"]
[WhiteElo "2592"]
[BlackElo "2236"]
[PlyCount "37"]
[EventDate "2025.04.01"]
[EventType "swiss (blitz)"]
[EventRounds "11"]
[EventCountry "USA"]
[SourceTitle "CB21_2025"]
[SourceDate "2025.05.21"]
[SourceVersion "1"]
[SourceVersionDate "2025.05.21"]
[SourceQuality "1"]

1. d4 Nf6 2. c4 e6 3. Nc3 Bb4 4. Qc2 0-0 5. a3 Bxc3+ 6. Qxc3 Ne4 7. Qc2 d5 8. e3 c5 9. dxc5 Nc6 10. b4 a5 11. b5 Ne7 12. cxd5 exd5 13. Bd3 Bf5 14. f3 Nxc5 15. Bxf5 Nxf5 16. Qxf5 Nb3 17. Rb1 Rc8 18. Ne2 d4 19. Rxb3 1-0

[Event "Titled Tuesday intern op 01st Apr Late"]
[Site "Chess.com INT"]
[Date "2025.04.01"]
[Round "4"]
[White "Rasti, Arvin"]
[Black "Davudov, Tunar"]
[Result "0-1"]
[WhiteElo "2246"]
[BlackElo "2236"]
[PlyCount "122"]
[EventDate "2025.04.01"]
[EventType "swiss (blitz)"]
[EventRounds "11"]
[EventCountry "USA"]
[SourceTitle "CB21_2025"]
[SourceDate "2025.05.21"]
[SourceVersion "1"]
[SourceVersionDate "2025.05.21"]
[SourceQuality "1"]

1. e4 e5 2. Nc3 Nf6 3. Nf3 Nc6 4. d4 exd4 5. Nd5 Nxd5 6. exd5 Bb4+ 7. Bd2 Bxd2+ 8. Qxd2 Ne7 9. d6 cxd6 10. Nxd4 0-0 11. 0-0-0 b6 12. h4 Bb7 13. h5 h6 14. Rh3 Nd5 15. Rg3 Qf6 16. Kb1 Rfe8 17. Bb5 Nf4 18. Bxd7 Re5 19. Rg4 Nxg2 20. f4 Rxh5 21. Rxg2 Bxg2 22. Qxg2 Rd8 23. Bg4 Rc5 24. Qe4 h5 25. Be2 h4 26. Bd3 Rh5 27. Nc6 Rf8 28. Ne7+ Kh8 29. Rh1 h3 30. a3 h2 31. Qe2 Qh4 32. Bg6 Rh6 33. Nf5 Qxf4 34. Nxh6 fxg6 35. Ng4 Kg8 36. Qe6+ Rf7 37. Qe8+ Rf8 38. Qe6+ Rf7 39. Rxh2 Qf1+ 40. Ka2 Qf5 41. Qe8+ Rf8 42. Qe2 Qd5+ 43. b3 b5 44. Qd3 Qe6 45. Ne3 Rf3 46. Re2 g5 47. Qd5 Qxd5 48. Nxd5 g4 49. Ne7+ Kf7 50. Nc8 g3 51. Nxd6+ Kg6 52. Ne4 Kf5 53. Nxg3+ Rxg3 54. Rf2+ Ke6 55. Re2+ Kd6 56. Rf2 Ke7 57. Rf8 Kxf8 58. Kb2 Ke7 59. a4 g5 60. axb5 Kd6 61. b6 axb6 0-1

[Event "Titled Tuesday intern op 11th Mar Early"]
[Site "Chess.com INT"]
[Date "2025.03.11"]
[Round "2"]
[White "Davudov, Tunar"]
[Black "Alfaya Marcelo, Roberto"]
[Result "1-0"]
[WhiteElo "2236"]
[BlackElo "2249"]
[PlyCount "83"]
[EventDate "2025.03.11"]
[EventType "swiss (blitz)"]
[EventRounds "11"]
[EventCountry "USA"]
[SourceTitle "CB12_2025"]
[SourceDate "2025.03.19"]
[SourceVersion "1"]
[SourceVersionDate "2025.03.19"]
[SourceQuality "1"]

1. e4 g6 2. d4 Bg7 3. Nc3 d6 4. Be3 Nd7 5. Qd2 a6 6. 0-0-0 b5 7. f4 Bb7 8. e5 Nh6 9. h4 Ng4 10. h5 Rc8 11. Bd3 e6 12. Nf3 Nxe3 13. Qxe3 Bxf3 14. Qxf3 d5 15. g4 c5 16. hxg6 hxg6 17. Rxh8+ Bxh8 18. f5 gxf5 19. gxf5 Qg5+ 20. Kb1 cxd4 21. fxe6 fxe6 22. Qh3 Qxe5 23. Ne2 Ke7 24. a3 Nc5 25. Nc1 Bg7 26. Rg1 Rh8 27. Qg4 Bf6 28. Qd1 Ne4 29. Re1 Rh2 30. Ka1 Qf4 31. Rf1 Qd2 32. Qg4 Nf2 33. Qg6 Rh6 34. Qg8 Nxd3 35. Nxd3 Qxc2 36. Re1 e5 37. Nxe5 Bxe5 38. Qg7+ Kd6 39. Qxh6+ Kc5 40. Rc1 d3 41. Rxc2+ dxc2 42. Qd2 1-0

[Event "Titled Tuesday intern op 11th Mar Late"]
[Site "Chess.com INT"]
[Date "2025.03.11"]
[Round "8"]
[White "Davudov, Tunar"]
[Black "Jumabayev, Rinat"]
[Result "0-1"]
[WhiteElo "2236"]
[BlackElo "2549"]
[PlyCount "56"]
[EventDate "2025.03.11"]
[EventType "swiss (blitz)"]
[EventRounds "11"]
[EventCountry "USA"]
[SourceTitle "CB12_2025"]
[SourceDate "2025.03.19"]
[SourceVersion "1"]
[SourceVersionDate "2025.03.19"]
[SourceQuality "1"]

1. e4 d6 2. d4 g6 3. Nc3 Bg7 4. Be3 a6 5. Qd2 b5 6. 0-0-0 Nd7 7. h4 h5 8. f4 Ngf6 9. Bd3 Ng4 10. Nf3 Nb6 11. Bg1 Rb8 12. f5 Bh6 13. Ng5 f6 14. Kb1 fxg5 15. hxg5 Bg7 16. f6 exf6 17. gxf6 Qxf6 18. e5 Qf7 19. Rf1 Bf5 20. e6 Qf6 21. Ne4 Qxe6 22. Ng5 Qd5 23. Re1+ Kd7 24. Bxf5+ gxf5 25. Ne6 Bh6 26. Qc3 Nc4 27. Rxh5 Bd2 28. Qd3 Rxh5 0-1

[Event "Titled Tuesday intern op 11th Mar Early"]
[Site "Chess.com INT"]
[Date "2025.03.11"]
[Round "6"]
[White "Davudov, Tunar"]
[Black "Yang, Kaiqi"]
[Result "0-1"]
[WhiteElo "2236"]
[BlackElo "2481"]
[PlyCount "68"]
[EventDate "2025.03.11"]
[EventType "swiss (blitz)"]
[EventRounds "11"]
[EventCountry "USA"]
[SourceTitle "CB12_2025"]
[SourceDate "2025.03.19"]
[SourceVersion "1"]
[SourceVersionDate "2025.03.19"]
[SourceQuality "1"]

1. e4 c5 2. Nf3 a6 3. d4 cxd4 4. Nxd4 Nf6 5. Nc3 e5 6. Nb3 Bb4 7. Bd3 Bxc3+ 8. bxc3 d6 9. 0-0 Be6 10. c4 0-0 11. Ba3 Qc7 12. c5 d5 13. c6 Rd8 14. cxb7 Qxb7 15. Nc5 Qc6 16. Nxe6 Qxe6 17. exd5 Rxd5 18. Qe2 Nc6 19. Bc4 Nd4 20. Qd1 Rc8 21. Bxd5 Nxd5 22. Bb2 Nc3 23. Bxc3 Rxc3 24. Rb1 g6 25. Qd2 Kg7 26. Rb2 Qc4 27. Re1 Qc5 28. h3 h6 29. Kh1 Qc6 30. Rxe5 Rxh3+ 31. Kg1 Nf3+ 32. gxf3 Qxf3 33. Rh5 Rxh5 34. Qd4+ Kh7 0-1

[Event "Titled Tuesday intern op 11th Mar Late"]
[Site "Chess.com INT"]
[Date "2025.03.11"]
[Round "6"]
[White "Davudov, Tunar"]
[Black "Zhigalko, Sergei"]
[Result "0-1"]
[WhiteElo "2236"]
[BlackElo "2572"]
[PlyCount "82"]
[EventDate "2025.03.11"]
[EventType "swiss (blitz)"]
[EventRounds "11"]
[EventCountry "USA"]
[SourceTitle "CB12_2025"]
[SourceDate "2025.03.19"]
[SourceVersion "1"]
[SourceVersionDate "2025.03.19"]
[SourceQuality "1"]

1. e4 e5 2. Nf3 Nc6 3. Bb5 a6 4. Ba4 Nf6 5. 0-0 Be7 6. Re1 b5 7. Bb3 d6 8. c3 0-0 9. h3 Na5 10. Bc2 c5 11. d4 Nd7 12. Nbd2 exd4 13. cxd4 Nc6 14. d5 Nce5 15. Nxe5 Nxe5 16. f4 Ng6 17. Nf3 Bh4 18. Rf1 Bg3 19. f5 Ne5 20. Rb1 Re8 21. Kh1 a5 22. Bg5 f6 23. Bd2 Nc4 24. Bc1 a4 25. b3 axb3 26. axb3 Na3 27. Ra1 b4 28. Bd3 Bd7 29. Nd2 Be5 30. Ra2 Nb5 31. Rxa8 Qxa8 32. Nc4 Qa2 33. Nxe5 dxe5 34. Bc4 Nd6 35. Bd3 Rc8 36. Be3 c4 37. bxc4 Nxc4 38. Bc1 b3 39. Qg4 Qa7 40. Bh6 Bb5 41. Kh2 Kh8 0-1

[Event "Titled Tuesday intern op 11th Mar Late"]
[Site "Chess.com INT"]
[Date "2025.03.11"]
[Round "9"]
[White "Melillo, Lucius"]
[Black "Davudov, Tunar"]
[Result "0-1"]
[WhiteElo "2195"]
[BlackElo "2236"]
[PlyCount "102"]
[EventDate "2025.03.11"]
[EventType "swiss (blitz)"]
[EventRounds "11"]
[EventCountry "USA"]
[SourceTitle "CB12_2025"]
[SourceDate "2025.03.19"]
[SourceVersion "1"]
[SourceVersionDate "2025.03.19"]
[SourceQuality "1"]

1. d4 Nf6 2. Bf4 e6 3. e3 d5 4. Nf3 Bd6 5. Nbd2 c5 6. dxc5 Bxc5 7. c4 Nc6 8. Bd3 0-0 9. 0-0 b6 10. a3 Bb7 11. b4 Be7 12. Qe2 h6 13. h3 Bd6 14. Bxd6 Qxd6 15. Rfd1 Rfd8 16. e4 dxc4 17. Nxc4 Qf4 18. g3 Qc7 19. Rac1 Nd4 20. Nxd4 Rxd4 21. e5 Qc6 22. f3 Qxf3 23. Qxf3 Bxf3 24. Bh7+ Kxh7 25. Rxd4 Nd5 26. Kf2 Bh5 27. Ne3 Ne7 28. Rc7 Re8 29. Rdd7 Ng6 30. Rxf7 Nxe5 31. Rxg7+ Kh8 32. Rh7+ Kg8 33. Rcg7+ Kf8 34. Rxa7 Nf7 35. Ng4 Bg6 36. Nxh6 Rd8 37. Rhxf7+ Bxf7 38. Rxf7+ Ke8 39. Ke3 Rd1 40. Rg7 Ra1 41. Ke4 Rxa3 42. h4 Rb3 43. Ke5 Rxb4 44. Kf6 b5 45. Rg8+ Kd7 46. g4 Rb3 47. Rb8 Rf3+ 48. Kg6 b4 49. Rxb4 e5 50. g5 e4 51. Rxe4 Rb3 0-1

[Event "Titled Tuesday intern op 11th Mar Early"]
[Site "Chess.com INT"]
[Date "2025.03.11"]
[Round "1"]
[White "Tran, Manh Tien"]
[Black "Davudov, Tunar"]
[Result "1-0"]
[WhiteElo "2203"]
[BlackElo "2236"]
[PlyCount "79"]
[EventDate "2025.03.11"]
[EventType "swiss (blitz)"]
[EventRounds "11"]
[EventCountry "USA"]
[SourceTitle "CB12_2025"]
[SourceDate "2025.03.19"]
[SourceVersion "1"]
[SourceVersionDate "2025.03.19"]
[SourceQuality "1"]

1. d4 Nf6 2. Bf4 d5 3. e3 e6 4. Nf3 Bd6 5. Bg3 c5 6. c3 Nc6 7. Nbd2 0-0 8. Bd3 b6 9. Ne5 Bb7 10. f4 Ne7 11. Qf3 Nf5 12. Bf2 Be7 13. g4 Nd6 14. h4 Nfe4 15. g5 Nxd2 16. Kxd2 Ne4+ 17. Ke2 f6 18. gxf6 Bxf6 19. Rhg1 cxd4 20. exd4 Bxh4 21. Be3 Bf6 22. Qh3 Qe7 23. Rh1 g6 24. Rag1 Bxe5 25. fxe5 Qf7 26. Rxg6+ Qxg6 27. Rg1 Rf7 28. Qxe6 Ng3+ 29. Rxg3 Qxg3 30. Bxh7+ Kg7 31. Qh6+ Kh8 32. Bg6+ Kg8 33. Bxf7+ Kxf7 34. Qf6+ Kg8 35. Qe6+ Kh7 36. Qh6+ Kg8 37. Qe6+ Kf8 38. Bh6+ Qg7 39. Bxg7+ Kxg7 40. Qe7+ 1-0

[Event "Titled Tuesday intern op 04th Mar Early"]
[Site "Chess.com INT"]
[Date "2025.03.04"]
[Round "2"]
[White "Davudov, Tunar"]
[Black "Malikova, Marjona"]
[Result "1-0"]
[WhiteElo "2236"]
[BlackElo "2051"]
[PlyCount "71"]
[EventDate "2025.03.04"]
[EventType "swiss (blitz)"]
[EventRounds "11"]
[EventCountry "USA"]
[SourceTitle "CB11_2025"]
[SourceDate "2025.03.12"]
[SourceVersion "1"]
[SourceVersionDate "2025.03.12"]
[SourceQuality "1"]

1. e4 e6 2. d4 d5 3. Nd2 c5 4. Ngf3 cxd4 5. Nxd4 Nf6 6. e5 Nfd7 7. N2f3 Nc6 8. Bf4 Bc5 9. c3 0-0 10. Bd3 Qb6 11. Bxh7+ Kxh7 12. Ng5+ Kg6 13. Qd3+ f5 14. Qh3 Ndxe5 15. 0-0 Bxd4 16. cxd4 Qxd4 17. Qg3 Ng4 18. Nf3 Qf6 19. h3 e5 20. Bg5 Qe6 21. hxg4 fxg4 22. Bd2 e4 23. Ng5 Qf5 24. f3 Nd4 25. Rae1 exf3 26. gxf3 Bd7 27. Qh2 Nxf3+ 28. Rxf3 gxf3 29. Kf2 Rae8 30. Qh7+ Kf6 31. Bc3+ d4 32. Bxd4+ Re5 33. Bxe5+ Ke7 34. Bxg7+ Kd8 35. Bxf8 Qc2+ 36. Qxc2 1-0

[Event "Titled Tuesday intern op 04th Mar Early"]
[Site "Chess.com INT"]
[Date "2025.03.04"]
[Round "6"]
[White "Pavlov, Nikolay1"]
[Black "Davudov, Tunar"]
[Result "0-1"]
[WhiteElo "2316"]
[BlackElo "2236"]
[PlyCount "70"]
[EventDate "2025.03.04"]
[EventType "swiss (blitz)"]
[EventRounds "11"]
[EventCountry "USA"]
[SourceTitle "CB11_2025"]
[SourceDate "2025.03.12"]
[SourceVersion "1"]
[SourceVersionDate "2025.03.12"]
[SourceQuality "1"]

1. e4 e5 2. Nf3 Nc6 3. Bc4 Nf6 4. d3 Bc5 5. 0-0 a6 6. c3 Ba7 7. Re1 d6 8. a4 Be6 9. Bxe6 fxe6 10. Qb3 Qc8 11. a5 0-0 12. Nbd2 Ne7 13. Nf1 Ng6 14. Ng3 Kh8 15. Be3 Nf4 16. Bxa7 Rxa7 17. d4 exd4 18. cxd4 Qe8 19. Rac1 c6 20. e5 dxe5 21. Rxe5 N6d5 22. Rce1 Qd8 23. Qa3 Ra8 24. Ng5 Qf6 25. N5e4 Qg6 26. h4 Nxg2 27. Kxg2 Nf4+ 28. Kh2 Qg4 29. Kg1 Nh3+ 30. Kh2 Qxh4 31. Kg2 Nf4+ 32. Kg1 Rf7 33. Ng5 Rf6 34. Kf1 h6 35. N5e4 Qh3+ 0-1

[Event "EU-ch U16"]
[Site "Prague"]
[Date "2024.08.31"]
[Round "9"]
[White "Podolskyi, Mykhailo"]
[Black "Davudov, Tunar"]
[Result "1-0"]
[WhiteElo "2329"]
[BlackElo "2238"]
[PlyCount "78"]
[EventDate "2024.08.22"]
[EventType "swiss"]
[EventRounds "9"]
[EventCountry "CZE"]
[SourceTitle "CBM 221 Extra"]
[Source "ChessBase"]
[SourceDate "2024.09.30"]
[SourceVersion "1"]
[SourceVersionDate "2024.09.30"]
[SourceQuality "1"]

1. d4 Nf6 2. c4 e6 3. Nf3 d5 4. Nc3 Be7 5. Bg5 0-0 6. e3 Nbd7 7. Rc1 c6 8. Qc2 b6 9. cxd5 exd5 10. Bd3 Bb7 11. 0-0 c5 12. Rfd1 g6 13. dxc5 bxc5 14. Bb5 Nb6 15. Bh6 d4 16. Bxf8 Qxf8 17. exd4 Bxf3 18. gxf3 cxd4 19. Rxd4 Bc5 20. Rd2 Bd6 21. Ne2 Bxh2+ 22. Kxh2 Qh6+ 23. Kg2 Qg5+ 24. Ng3 Qxb5 25. Qc5 Qe8 26. Rcd1 Nfd7 27. Qc6 Rc8 28. Qb7 Nf8 29. Ne4 Qc6 30. Qxc6 Rxc6 31. Rd3 Ne6 32. Rc3 Nf4+ 33. Kf1 Re6 34. Rc7 Nbd5 35. Rxa7 Re5 36. Rd7 Kg7 37. a4 Nb6 38. Rb7 Nxa4 39. Rdd7 Rf5 1-0

[Event "EU-ch U16"]
[Site "Prague"]
[Date "2024.08.30"]
[Round "8"]
[White "Davudov, Tunar"]
[Black "Artemov, Andriy"]
[Result "1-0"]
[WhiteElo "2238"]
[BlackElo "2096"]
[PlyCount "75"]
[EventDate "2024.08.22"]
[EventType "swiss"]
[EventRounds "9"]
[EventCountry "CZE"]
[SourceTitle "CBM 221 Extra"]
[Source "ChessBase"]
[SourceDate "2024.09.30"]
[SourceVersion "1"]
[SourceVersionDate "2024.09.30"]
[SourceQuality "1"]

1. e4 e5 2. Nf3 Nc6 3. Bb5 Nf6 4. d3 d6 5. 0-0 g6 6. d4 Bd7 7. Nc3 exd4 8. Nxd4 Bg7 9. Bg5 h6 10. Bh4 0-0 11. Bxc6 bxc6 12. f4 Qb8 13. Rb1 Qb6 14. Na4 Qa5 15. Nc3 Ng4 16. Qd2 Qc5 17. Rbd1 Rab8 18. b3 Rfe8 19. h3 Rb4 20. Nce2 Nf6 21. c3 Rbb8 22. Bxf6 Bxf6 23. Qd3 Qb6 24. Kh1 c5 25. Nf3 Bc6 26. Ng3 Qa5 27. e5 c4 28. Qxc4 Bb5 29. Qd5 c6 30. Qxd6 Be7 31. Qd2 Bxf1 32. Rxf1 Rbd8 33. Qc2 Qd5 34. f5 Qd3 35. Qc1 Kh7 36. Qf4 Bf8 37. e6 Bd6 38. Qh4 1-0

[Event "Baku op"]
[Site "Baku"]
[Date "2024.07.05"]
[Round "7"]
[White "Davudov, Tunar"]
[Black "Gurbanov, Ismayil"]
[Result "1-0"]
[WhiteElo "2249"]
[BlackElo "2163"]
[PlyCount "159"]
[EventDate "2024.06.29"]
[EventType "swiss"]
[EventRounds "9"]
[EventCountry "AZE"]
[SourceTitle "CBM 221 Extra"]
[Source "ChessBase"]
[SourceDate "2024.09.30"]
[SourceVersion "1"]
[SourceVersionDate "2024.09.30"]
[SourceQuality "1"]

1. e4 e6 2. d4 d5 3. Nd2 c5 4. Ngf3 a6 5. dxc5 Bxc5 6. Bd3 Nc6 7. 0-0 Nge7 8. exd5 exd5 9. c3 0-0 10. Nb3 Bb6 11. Re1 Bf5 12. Be3 Bg6 13. Bxg6 hxg6 14. Qd3 Bxe3 15. Rxe3 Qc7 16. Nbd4 Nxd4 17. Nxd4 Nc6 18. Rae1 Nxd4 19. Qxd4 Qc4 20. Qxc4 dxc4 21. Re7 b5 22. Rd1 Rfd8 23. Rdd7 Rxd7 24. Rxd7 Re8 25. Kf1 Re6 26. Rd8+ Kh7 27. h4 f6 28. Rc8 Rd6 29. Ke2 Re6+ 30. Kd2 Rd6+ 31. Kc2 Re6 32. Rd8 Re2+ 33. Rd2 Re4 34. g3 Kg8 35. b3 Kf7 36. Rd7+ Ke6 37. Rxg7 Re2+ 38. Kb1 cxb3 39. axb3 Kf5 40. f3 Re3 41. g4+ Ke6 42. Kb2 Rxf3 43. Rxg6 Kf7 44. Rh6 a5 45. Rh7+ Ke6 46. Rb7 Rf4 47. Rb6+ Kd7 48. Rxb5 Rxg4 49. Rxa5 Rxh4 50. b4 Rf4 51. Rd5+ Kc6 52. Rd4 Rf1 53. Kb3 f5 54. Kc4 f4 55. b5+ Kb7 56. Kc5 f3 57. Rd7+ Kc8 58. Rf7 f2 59. c4 Kd8 60. b6 Ke8 61. Rf3 Kd7 62. Rf8 Ke7 63. Rf4 Kd7 64. b7 Rb1 65. Rxf2 Kc7 66. Rf7+ Kb8 67. Kd5 Rh1 68. Rd7 Rh6 69. c5 Rh5+ 70. Kc4 Rh6 71. Re7 Rg6 72. Kd5 Rg5+ 73. Kd6 Rg6+ 74. Re6 Rg1 75. c6 Rd1+ 76. Ke5 Rd8 77. Re7 Rh8 78. Ke6 Ka7 79. Kd7 Rh1 80. b8Q+ 1-0